<?xml version="1.0" encoding="UTF-8"?>
<record
    xmlns:xsi="http://www.w3.org/2001/XMLSchema-instance"
    xsi:schemaLocation="http://www.loc.gov/MARC21/slim http://www.loc.gov/standards/marcxml/schema/MARC21slim.xsd"
    xmlns="http://www.loc.gov/MARC21/slim">

  <leader>00904nam a2200265   4500</leader>
  <controlfield tag="001">32688</controlfield>
  <controlfield tag="003">AR-RoBPED</controlfield>
  <controlfield tag="005">20260505171413.0</controlfield>
  <controlfield tag="008">260504e2008    ag  |||er|||| 001 1 spa d</controlfield>
  <datafield tag="020" ind1=" " ind2=" ">
    <subfield code="a">9789875710627</subfield>
  </datafield>
  <datafield tag="040" ind1=" " ind2=" ">
    <subfield code="a">AR-RoBPED</subfield>
  </datafield>
  <datafield tag="041" ind1=" " ind2=" ">
    <subfield code="a">spa</subfield>
  </datafield>
  <datafield tag="100" ind1="1" ind2=" ">
    <subfield code="a">S&#xF3;focles, 496-406 a J.C.</subfield>
    <subfield code="9">7815</subfield>
  </datafield>
  <datafield tag="245" ind1="1" ind2=" ">
    <subfield code="a">Tragedias / </subfield>
    <subfield code="c">S&#xF3;focles ; estudio preliminar  Isaac Zeiger ; traducci&#xF3;n I&#xF1;aki Jarauta.</subfield>
  </datafield>
  <datafield tag="260" ind1=" " ind2=" ">
    <subfield code="a">Buenos Aires :</subfield>
    <subfield code="b">Gradifco,</subfield>
    <subfield code="c">2008.</subfield>
  </datafield>
  <datafield tag="300" ind1=" " ind2=" ">
    <subfield code="a">335 p.</subfield>
  </datafield>
  <datafield tag="490" ind1="0" ind2=" ">
    <subfield code="a">(Robles Plus)</subfield>
  </datafield>
  <datafield tag="505" ind1=" " ind2=" ">
    <subfield code="a">T&#xED;tulos: Ant&#xED;gona - Electra - Ayax - Las Traquinias - Edipo Rey - Edipo en colono - Filoctetes.</subfield>
  </datafield>
  <datafield tag="650" ind1=" " ind2="4">
    <subfield code="a">LITERATURA GRIEGA</subfield>
    <subfield code="9">2140</subfield>
  </datafield>
  <datafield tag="650" ind1=" " ind2="4">
    <subfield code="a">TEATRO</subfield>
    <subfield code="9">241</subfield>
  </datafield>
  <datafield tag="700" ind1=" " ind2=" ">
    <subfield code="a">Zeiger, Isaac</subfield>
    <subfield code="9">30846</subfield>
    <subfield code="e">estud. preliminar</subfield>
  </datafield>
  <datafield tag="700" ind1=" " ind2=" ">
    <subfield code="a">Jarauta, I&#xF1;aki</subfield>
    <subfield code="9">30885</subfield>
    <subfield code="e">trad.</subfield>
  </datafield>
  <datafield tag="942" ind1=" " ind2=" ">
    <subfield code="2">udc</subfield>
    <subfield code="a">k. 32688</subfield>
    <subfield code="c">BK</subfield>
    <subfield code="h">875-2 </subfield>
    <subfield code="m">S 65</subfield>
    <subfield code="p">inv. 42422</subfield>
  </datafield>
  <datafield tag="945" ind1=" " ind2=" ">
    <subfield code="a">mm 04/05/2026 - cd 05/05/2026</subfield>
  </datafield>
  <datafield tag="952" ind1=" " ind2=" ">
    <subfield code="0">0</subfield>
    <subfield code="1">0</subfield>
    <subfield code="2">udc</subfield>
    <subfield code="4">0</subfield>
    <subfield code="7">0</subfield>
    <subfield code="a">BPED</subfield>
    <subfield code="b">BPED</subfield>
    <subfield code="d">2026-04-30</subfield>
    <subfield code="e">Donaci&#xF3;n</subfield>
    <subfield code="l">0</subfield>
    <subfield code="o">875-2 S 65</subfield>
    <subfield code="p">42422</subfield>
    <subfield code="r">2026-05-04 16:01:18</subfield>
    <subfield code="w">2026-05-04</subfield>
    <subfield code="x">mm 04/05/2026</subfield>
    <subfield code="y">BK</subfield>
    <subfield code="z">Se presta 15 dias.</subfield>
  </datafield>
  <datafield tag="999" ind1=" " ind2=" ">
    <subfield code="c">32688</subfield>
    <subfield code="d">32688</subfield>
  </datafield>
</record>
